| 000 | 00708nam a2200217Ii 4500 | ||
|---|---|---|---|
| 003 | JO-AjNU | ||
| 008 | 230605s9999||||xx |||||||||||||| ||und|| | ||
| 017 | _a1995/8/792 | ||
| 040 |
_aJO-AjNU _bara _erda _cJO-AjNU |
||
| 041 | _aara | ||
| 050 | 1 | 4 | _aHF5500.A2.1995 |
| 100 | 3 |
_aالاعرجي، عاصم, _eauthor _942187 |
|
| 245 | 0 | 0 | _aدراسات معاصرة في التطوير الاداري:منظور تطبيقي |
| 250 | _aط1 | ||
| 264 | 3 | 1 | _aعمان:دار الفكر للنشر والتوزيع؛1995 |
| 300 | _a354ص | ||
| 336 |
_atext _btxt _2rdacontent |
||
| 337 |
_aunmediated _bn _2rdamedia |
||
| 338 |
_avolume _bnc _2rdacarrier |
||
| 650 | 4 |
_aادارة عامة-دراسات _942188 |
|
| 999 |
_aA18045 _c21613 _d21613 |
||